| 000 | 00353nam a2200145Ia 4500 | ||
|---|---|---|---|
| 008 | 240624s9999 xx 000 0 und d | ||
| 041 | _aeng | ||
| 082 | _a300.72 PEN | ||
| 100 | _aPENN ROGER | ||
| 245 | _aSTATISTICAL ANALYSIS OF CONTINUOUS DATA | ||
| 260 |
_c2013 _aLondon _bSage |
||
| 300 | _axxxi, 395 p.; 23 cm. | ||
| 365 |
_cBPS _b38 |
||
| 440 | _v1 | ||
| 999 |
_c30420 _d30420 |
||